| 000 | 00416nam a2200157Ia 4500 | ||
|---|---|---|---|
| 008 | 210716s2017 xx 000 0 und d | ||
| 020 | _a9788126565092 | ||
| 041 | _aeng | ||
| 082 | _a621.3821 YENM | ||
| 100 | _aYener, Murat; Dundar, Onur. | ||
| 245 | _aExpert android studio. | ||
| 250 | _a1 | ||
| 260 |
_aNew Delhi _bWiley India Pvt Ltd _c2017 |
||
| 300 | _axxx,423 | ||
| 650 | _aCommunication Network(621.3821) | ||
| 999 |
_c195629 _d195629 |
||